Truyện ngắn chọn lọc viết về các nhà văn

Gorde:
Xehetasun bibliografikoak
Formatua: Liburua
Hizkuntza:Undetermined
Argitaratua: Hà Nội Hội Nhà Văn 2001
Gaiak:
Etiketak: Etiketa erantsi
Etiketarik gabe, Izan zaitez lehena erregistro honi etiketa jartzen!
Thư viện lưu trữ: Trung tâm Học liệu Trường Đại học Cần Thơ
LEADER 00522nam a2200145Ia 4500
001 CTU_40723
008 210402s9999 xx 000 0 und d
082 |a 895.9223008 
082 |b Tr527nv 
245 0 |a Truyện ngắn chọn lọc viết về các nhà văn 
260 |a Hà Nội 
260 |b Hội Nhà Văn 
260 |c 2001 
650 |a short stories, vietnamese - collections,vietnamese literatury - 20th century - history and criticism 
980 |a Trung tâm Học liệu Trường Đại học Cần Thơ